000 01142nam a2200301 a 4500
001 000111589
003 CHAP
005 20220329144220.0
008 150618s2015 mx a |sm |||||||spa d
010 _a108050
011 _a109022
040 _cCHAP
090 _aTesis
100 1 _aOcaña Barrera, Julián
_9129477
245 1 0 _aEvaluación de resistencia a enfermedades en 15 genotipos de frijol (Phaseolus vulgaris L.) y su respuesta en el rendimiento
_h[En línea]
_cpor Julián Ocaña Barrera.
260 _aChapingo, Méx. :
_bEl autor,
_c2015.
500 _aPara ver el contenido del material haga clic en la liga
502 _aTesis (Ing. Agr. Esp. en Parasitología Agrícola) -- UACH. Departamento de Parasitología Agrícola
590 _aE5652GLJ
_b05
_c20150618
_lUCH01
_h1130
590 _aE5652GLJ
_b05
_c20150618
_lUCH01
_h1130
650 1 4 _aFrijol
_xEnfermedades.
_943367
650 1 4 _aFrijol
_xRendimiento.
_943429
650 1 4 _aFrijol
_xVariedades resistentes a enfermedades.
_943447
856 _aFinding aid
_uhttp://10.13.5.2/tesis/sist111589.pdf
_zTeclea aquí
901 _aBK
942 _cTESIS
942 _n0
999 _c108050
_d108050